01538nam a22001937a 4500003000200000005001700002008004100019020001800060050002200078100002900100245006700129250001200196260003800208300003500246504002000281520099600301650002001297700002701317020241016093842.0241016b xxu||||| |||| 00| 0 eng d a9781032453668 aHB 172b.N58 2024 aNguyen, Bonnie,eauthor. aEssentials of microeconomics /cBonnie Nguyen and Andrew Wait. a2nd ed. aNew York, NY :bRoutledge,c2024. axvii, 258 p. :bill. ;c25 cm. aIncludes index. a"Essentials of Microeconomics is an excellent introduction to microeconomics. It presents the basic tools of microeconomics clearly and concisely. It presents a vigorous treatment of all relevant introductory microeconomic concepts, and emphasizes on modern economics - game theory and imperfect markets. Each chapter is self-contained and includes the required key mathematical skills at the start. Now in its second edition, this updated textbook includes: Expanded lecturer resources, including detailed lecture slides, sample exam questions and updated test bank MCQs An additional section on Economics in Practice, focused on policy, econometrics, and behavioural economics This book is ideal not only for introductory microeconomics course, but its level of analysis also makes the book appropriate for introductory level economics taught at postgraduate level. With the emphasis on strategy, this text is also well suited for use in business economics courses"--Provided by publisher. aMicroeconomics. aWait, Andrew,eauthor.